书目信息 |
| 题名: |
学术性格与思想谱系
|
|
| 作者: | 丁为祥 著 | |
| 分册: | ||
| 出版信息: | 北京 人民出版社 2012 |
|
| 页数: | 743页 | |
| 开本: | 24cm | |
| 丛书名: | ||
| 单 册: | ||
| 中图分类: | B244.75 | |
| 科图分类: | ||
| 主题词: | ||
| 电子资源: | ||
| ISBN: | 978-7-01-010401-0 | |
| 000 | 01082nam0 2200253 45 | |
| 001 | 1354504593 | |
| 005 | 20130510101845.06 | |
| 010 | @a978-7-01-010401-0@dCNY109.00 | |
| 100 | @a20130108d2012 em y0chiy50 ea | |
| 101 | 0 | @achi |
| 102 | @aCN@b110000 | |
| 105 | @ay z 000yy | |
| 106 | @ar | |
| 200 | 1 | @a学术性格与思想谱系@AXue Shu Xing Ge Yu Si Xiang Pu Xi@e朱子的哲学视野及其历史影响的发生学考察@EZhu Zi De Zhe Xue Shi Ye Ji Qi Li Shi Ying Xiang De Fa Sheng Xue Kao Cha@f丁为祥著@FDing Wei Xiang Zhu |
| 210 | @a北京@c人民出版社@d2012 | |
| 215 | @a743页@d24cm | |
| 300 | @a国家社会科学基金项目 | |
| 330 | @a本书从发生学的视野出发,依据朱子文本与相关文献,在充分吸纳国内外学术研究成果的基础上,紧扣朱子的学术性格与思想谱系,展开对朱子哲学视野及其历史影响的深入考察。 | |
| 517 | 1 | @a朱子的哲学视野及其历史影响的发生学考察@AZhu Zi De Zhe Xue Shi Ye Ji Qi Li Shi Ying Xiang De Fa Sheng Xue Kao Cha |
| 600 | 0 | @a朱熹@x哲学思想@x研究 |
| 690 | @aB244.75@v5 | |
| 701 | 0 | @a丁为祥@ADing Wei Xiang@4著 |
| 801 | @aCN@bTANGWEI@c20130108 | |
| 905 | @b0830380-82@dB244.75@e54@f3 | |
| 学术性格与思想谱系:朱子的哲学视野及其历史影响的发生学考察/丁为祥著.-北京:人民出版社,2012 |
| 743页;24cm |
| 国家社会科学基金项目 |
| ISBN 978-7-01-010401-0:CNY109.00 |
| 本书从发生学的视野出发,依据朱子文本与相关文献,在充分吸纳国内外学术研究成果的基础上,紧扣朱子的学术性格与思想谱系,展开对朱子哲学视野及其历史影响的深入考察。 |
| ● |
| 相关链接 |
|
|
|
|
正题名:学术性格与思想谱系
索取号:B244.75/54
 
预约/预借
| 序号 | 登录号 | 条形码 | 馆藏地/架位号 | 状态 | 备注 |
| 1 | 0830380 | 208303806 | 第一样本阅览室/ [索取号:B244.75/54] | 在馆 | |
| 2 | 0830381 | 208303815 | 第一借阅区/ [索取号:B244.75/54] | 在馆 | |
| 3 | 0830382 | 208303824 | 第一借阅区/ [索取号:B244.75/54] | 在馆 |